00350 a2200109 4500001001000000005001700010008004100027245007900068100002200147700002800169773004300197ART_3514320260410161627.0260409a 10aEl encuadre legal de las sociedades de profesionales a partir del 1/8/20151 aBello, Alberto M.1 aDomínguez, Marcelo E.0 tEnfoquesg- Nº 10 (oct. 2015)wREV416